01409cam a2200349 a 4500001001400000003000800014005001700022006001900039007001500058008004100073020003800114040003000152049002600182050002200208082001800230100003700248245011500285260005300400300003500453520019200488521001700680588004700697504005100744650003600795655002900831700001900860710001600879776003500895856009400930942001601024999001901040EDZ0000104901StDuBDS20161031105151.0m||||||||d||||||||cr |||||||||||121017s2010 cau fo| 001|0|eng|d a9781452274928 (ebook) :cNo price aStDuBDSbengcStDuBDSepn aAlfaisal Main Library 0aHD30.3b.H59 201004a808.066652231 aHoffman, Mary F.q(Mary Frances)10aOrganizational rhetorich[electronic resource] :bsituations and strategies /cMary F. Hoffman, Debra J. Ford. aThousand Oaks, Calif. ;aLondon :bSAGE,cc2010. a1 online resource (xx, 267 p.)8 a'Organizational Rhetoric' introduces students to a rhetorical approach to understanding, analyzing and creating organizational messages for both internal employees and external customers. aSpecialized. aDescription based on print version record. aIncludes bibliographical references and index. 0aCommunication in organizations. 7aElectronic books.2local1 aFord, Debra J.2 aSage eBooks08iPrint version :z978141295669740uhttp://ezproxy.alfaisal.edu/login?url=http://sk.sagepub.com/books/organizational-rhetoric 2lcccEBOOKS c480815d480815